Un amico per sempre

Shranjeno v:
Bibliografske podrobnosti
Glavni avtor: Chambers Aidan
Format: Knjiga
Jezik:neznan ali neveljaven jezik
Izdano: Trieste EL 1997
Oznake: Označite
Brez oznak, prvi označite!

MARC

LEADER 00000nam a2200000Ia 4500
001 44
003 NUMERAZIONE-ORIGINALE-BRESCIA
005 20260206230747.0
008 260206s9999 xx 000 0 und d
100 |a Chambers Aidan 
245 0 |a Un amico per sempre 
260 |a Trieste 
260 |b EL 
260 |c 1997 
500 |a Frontiere 
942 |2 ddc  |c BK  |n 0 
952 |0 0  |1 0  |2 ddc  |4 0  |6 26  |7 0  |9 28226  |a BS  |b BS  |d 2026-02-06  |i 44  |l 0  |o 2-6-*  |r 2026-02-06 22:40:31  |w 2026-02-06  |x [REVISIONARE]  |y BK 
999 |c 23926  |d 23926